| 000 | 01354nab a22002177i 4500 | ||
|---|---|---|---|
| 001 | 768714001 | ||
| 003 | CO-MdFUSB | ||
| 005 | 20240527113221.0 | ||
| 008 | 240527t1975 sp ||||| |||| 00| 0 spa d | ||
| 040 |
_bspa _cCO-MdFUSB _dCO-MdFUSB |
||
| 041 | _aspa | ||
| 100 |
_aMarín R., José, _eautor |
||
| 245 |
_aComunidades eclesiales de base en América latina _c/ José Marín Riveros |
||
| 520 | _aEs imposible hablar de pastoral en América Latina, hoy por hoy, sin hacer referencia a las Comunidades Eclesiales de Base (CEB), conectadas con los temas de: catolicismo popular (religiosidad popular), nuevos ministerios eclesiales, fe y compromiso político, teología de la liberación, que convergen para intentar una nueva imagen eclesial en nuestro continente. La CEB es la misma Iglesia, sacramento universal de salvación, continuando la misión de Cristo profeta, sacerdote, pastor. Por tanto, comunidad de fe, culto y amor. Su misión se explicita a nivel universal, diocesano y local (de base). | ||
| 650 | 7 |
_aIglesia _9655 |
|
| 650 | 0 |
_aEvangelización _9362 |
|
| 650 | 7 |
_aTeología pastoral _9227 |
|
| 773 | 0 |
_049450 _982685 _oR2594 _tRevista internacional de teología Concilium _w(CO-MdFUSB)8 _x0210-1041 _gVolumen 104, (abril, 1975), páginas: 27 - 37 _qpágina: 27 |
|
| 942 | _cANA | ||
| 945 | _aCatherine Arias Alvarez - Practicante SENA | ||
| 999 |
_c69924 _d69924 |
||